| 000 | 01017nam a2200301 i 4500 | ||
|---|---|---|---|
| 003 | EG-ScBUE | ||
| 005 | 20260203103608.0 | ||
| 008 | 181204s2026 ua f 000 f ara d | ||
| 017 | _a2025 / 30851 | ||
| 020 | _a9789777955577 | ||
| 040 |
_aEG-ScBUE _bara _erda _cEG-ScBUE _dEG-ScBUE |
||
| 043 | _af-ua--- | ||
| 082 | 0 | 4 |
_a892.737 _bهـ ل ب _222 |
| 100 | 1 |
_aالهلباوي، ميرنا، _eمؤلف. _941953 |
|
| 245 | 1 | 0 |
_aمحاولات فاشلة للهروب من القدر : _bرواية / _cميرنا الهلباوي. |
| 250 | _aالطبعة الرابعة. | ||
| 264 | 1 |
_aالقاهرة : _bالدار المصرية اللبنانية، _c2026. |
|
| 300 |
_a439 صفحة ؛ _c20 سم |
||
| 336 |
_2rdacontent _aنص _btxt |
||
| 337 |
_2rdamedia _aبدون وسيط _bn |
||
| 338 |
_2rdacarrier _aمجلد _bnc |
||
| 541 | _cBook Fair 2026. | ||
| 650 | 7 |
_aالقصص العربية _yقرن21 _2BUEsh |
|
| 651 | _2BUEsh | ||
| 653 |
_bARALIT _cJanuary2026 |
||
| 655 | _vReading book | ||
| 942 | _2ddc | ||
| 999 |
_c31068 _d31039 |
||